| 000 | 00526nam a22002177a 4500 | ||
|---|---|---|---|
| 999 |
_c9279 _d9279 |
||
| 001 | 9279 | ||
| 003 | OSt | ||
| 005 | 20180312133250.0 | ||
| 008 | 180312b1961 uk ||||| |||| 00| 0 eng d | ||
| 035 | _a(BD-JhCC)9279 | ||
| 040 |
_aBD-JhCC _dBD-JhCC |
||
| 041 | _aeng | ||
| 082 |
_a428 _bRID 1961 |
||
| 100 | _aRidout, Ronald | ||
| 245 |
_aEnglish Today / _cRonald Ridout |
||
| 260 |
_aLondon : _bGinn and Company Ltd _c1961. |
||
| 300 |
_a255 p. : _c18 cm. |
||
| 650 | _aEnglish Langeage | ||
| 942 |
_2ddc _cBK |
||